Normal view
MARC view
- Alves Pinto, Ziraldo,
Entry Nombre Personal
001 - NUMERO DE CONTROL
- campo de control: 30786
003 - IDENTIFICADOR DE NUMERO DE CONTROL
- campo de control: UPN
005 - FECHA Y HORA DE LA ÜLTIMA TRANSACCIÓN
- campo de control: 20210219194417.0
008 - DATOS DE LONGITUD FIJA
- campo de control de longitud fija: nabaccnnaabn|||||||||| b |nc|||||d
035 ## - NUMERO DE CONTROL
- Número de control: UPN11000002892
040 ## - FUENTE DE CATALOGACIÓN
- Lenguaje de catalogación: SPA
- Agencia de transcripción: UPN
053 #4 - NÚMERO DE CLASIFICACIÓN LC
- Número de clasificación elemento-número único o número inicial de tramo: PQ9697 A4.8
100 1# - ENCABEZAMIENTO - NOMBRE PERSONAL
- Nombre personal: Alves Pinto, Ziraldo,
- Fechas asociadas con el nombre: 1932-
400 1# - VEÁSE - NOMBRE DE PERSONA
- Personal name: Ziraldo,
- Dates associated with a name: 1932-
670 ## - FUENTE EN LA QUE SE LOCALIZARON DATOS
- Cita de la fuente: LC/P
680 ## - NOTA PUBLICA DE ACCESO PÚBLICO
- Frase explicativa de la referencia: Escritor brasileño, pintor, creador de cómics y periodista
902 ## - CATALOGADOR
- Catalogador: CAA/100211
